[Event "XXVII Festival A"]
[Site "Arco ITA"]
[Date "2005.10.28"]
[Round "7"]
[White "Stubberud, Ornulf"]
[Black "Schrott, Ernst"]
[Result "1-0"]
[WhiteElo "2095"]
[BlackElo "1970"]
[PlyCount "83"]
[EventDate "2005.10.22"]

1. c4 e5 2. Nc3 Nf6 3. g3 Bb4 4. Bg2 O-O 5. Nd5 Nxd5 6. cxd5 c6 7. a3 Qa5 8.
Rb1 Bd6 9. b4 Qb6 10. Qb3 Na6 11. d3 cxd5 12. Bxd5 Qd8 13. Bb2 Nc7 14. Bg2 a5
15. e3 axb4 16. axb4 Qe7 17. Bc1 Ra6 18. Ne2 Rb6 19. Bd2 Kh8 20. O-O Rb5 21.
Rfc1 Na6 22. Qa4 Rxb4 23. Bxb4 Nxb4 24. Qa8 Nc6 25. Nc3 Ba3 26. Rd1 d5 27. Qa4
d4 28. Nd5 Qd6 29. e4 f5 30. Nb6 Be6 31. exf5 Rxf5 32. Nc4 Bxc4 33. Qxc4 Qc7
34. Rb5 Rf8 35. Rdb1 Qd6 36. Qa4 Bc5 37. Rxb7 Nd8 38. R7b5 Ne6 39. Qc4 Qe7 40.
Qd5 Qf6 41. Rxc5 Qxf2+ 42. Kh1 1-0

[Event "XXVII Festival A"]
[Site "Arco ITA"]
[Date "2005.10.28"]
[Round "7"]
[White "Weinberg, Emanuele"]
[Black "Kvisla, Johannes Luangtep"]
[Result "1/2-1/2"]
[WhiteElo "1977"]
[BlackElo "2123"]
[PlyCount "118"]
[EventDate "2005.10.22"]

1. d4 Nf6 2. c4 e6 3. Nf3 b6 4. g3 Ba6 5. Qa4 Bb7 6. Bg2 Be7 7. Nc3 O-O 8. O-O
c5 9. dxc5 Bc6 10. Qc2 Bxc5 11. Bg5 h6 12. Bf4 Na6 13. Rad1 Qc8 14. Bd6 Bxd6
15. Rxd6 Nc5 16. Ne5 Bxg2 17. Kxg2 Nb7 18. Rd4 d6 19. Nf3 e5 20. Nd5 Nxd5 21.
Rxd5 Qe6 22. Rfd1 f5 23. h3 f4 24. Nh4 fxg3 25. fxg3 Rf6 26. e4 g6 27. R5d2
Raf8 28. Qd3 Kg7 29. Qd5 Qe7 30. Re1 R8f7 31. Ree2 Qf8 32. Qd3 Nc5 33. Qe3 a5
34. a3 Ne6 35. Rf2 Rxf2+ 36. Rxf2 Rxf2+ 37. Qxf2 Qxf2+ 38. Kxf2 Nc5 39. b4 axb4
40. axb4 Nd3+ 41. Ke3 Nxb4 42. Nf3 Na6 43. Nd2 Nc5 44. Nb1 Na4 45. Na3 Kf6 46.
Nb5 Ke7 47. Nc7 Kd7 48. Nd5 Kc6 49. Ne7+ Kc5 50. Nxg6 Kxc4 51. g4 b5 52. h4 b4
53. g5 hxg5 54. hxg5 b3 55. Nxe5+ dxe5 56. g6 b2 57. g7 b1=Q 58. g8=Q+ Kc3 59.
Qc8+ Kb3 1/2-1/2

[Event "XXVII Festival A"]
[Site "Arco ITA"]
[Date "2005.10.28"]
[Round "7"]
[White "Zagrebelny, Sergey"]
[Black "Agdestein, Simen"]
[Result "1/2-1/2"]
[WhiteElo "2513"]
[BlackElo "2582"]
[PlyCount "41"]
[EventDate "2005.10.22"]

1. e4 e5 2. Nf3 Nc6 3. Bb5 a6 4. Ba4 Nf6 5. O-O Be7 6. Re1 b5 7. Bb3 d6 8. c3
O-O 9. h3 Na5 10. Bc2 c5 11. d4 Qc7 12. Nbd2 cxd4 13. cxd4 Nc6 14. Nb3 a5 15.
Be3 a4 16. Nbd2 Qb7 17. Rc1 Bd8 18. Qe2 Re8 19. Bd3 Bd7 20. dxe5 Nxe5 21. Nxe5
1/2-1/2

[Event "XXVII Festival A"]
[Site "Arco ITA"]
[Date "2005.10.28"]
[Round "7"]
[White "Zucchelli, Massimo"]
[Black "Fuggetta, Leonardo"]
[Result "1/2-1/2"]
[WhiteElo "2162"]
[BlackElo "2068"]
[PlyCount "97"]
[EventDate "2005.10.22"]

1. d4 d6 2. Nf3 Bg4 3. Nbd2 Nd7 4. h3 Bh5 5. g3 c6 6. Bg2 Ngf6 7. O-O e5 8.
dxe5 dxe5 9. e4 Bxf3 10. Bxf3 Qc7 11. Qe2 Be7 12. c3 O-O 13. Nc4 b5 14. Ne3 g6
15. Rd1 Nc5 16. Ng4 Nxg4 17. hxg4 Rfd8 18. Be3 Rxd1+ 19. Rxd1 Rd8 20. Qc2 a6
21. Be2 Rxd1+ 22. Bxd1 Qd7 23. Be2 Ne6 24. Qd2 Qxd2 25. Bxd2 g5 26. Bd1 Kf8 27.
Kf1 f6 28. Ke2 Ke8 29. f3 Kd7 30. Bb3 Nc5 31. Bg8 h6 32. Bf7 Bd6 33. Be3 Ke7
34. Bg6 Kd7 35. Bf5+ Kc7 36. Kd2 Nb7 37. Ke2 Bc5 38. Bc1 Bd6 39. Be6 Nc5 40.
Bf7 Nb7 41. b4 Nd8 42. Bb3 c5 43. bxc5 Bxc5 44. Bd5 Nb7 45. Bd2 Nd6 46. Be1 Nc4
47. Kd3 Nd6 48. c4 Kb6 49. Be6 1/2-1/2

[Event "XXVII Festival A"]
[Site "Arco ITA"]
[Date "2005.10.29"]
[Round "8"]
[White "Agdestein, Simen"]
[Black "Manca, Federico"]
[Result "1-0"]
[WhiteElo "2582"]
[BlackElo "2408"]
[PlyCount "105"]
[EventDate "2005.10.22"]

1. e4 g6 2. d4 Bg7 3. c4 d6 4. Nc3 Nf6 5. f3 O-O 6. Bg5 c5 7. d5 e6 8. Nge2
exd5 9. cxd5 h6 10. Be3 Nbd7 11. Ng3 a6 12. a4 Ne5 13. Be2 Rb8 14. O-O Bd7 15.
Qd2 Kh7 16. a5 b5 17. axb6 Rxb6 18. h3 Bb5 19. Nxb5 axb5 20. b4 Ned7 21. Ra5
Qb8 22. f4 Rc8 23. Rc1 c4 24. Bxb6 Qxb6+ 25. Kf1 h5 26. Bf3 Bh6 27. Ne2 Ne5 28.
Qd4 Qxd4 29. Nxd4 Nd3 30. Rb1 c3 31. Nc2 Bxf4 32. Rxb5 g5 33. Rb7 Ne5 34. b5 g4
35. hxg4 hxg4 36. Be2 Kg6 37. g3 Bxg3 38. Kg2 Bf4 39. b6 Rh8 40. Rh1 Ra8 41.
Ra7 Rb8 42. b7 Nxe4 43. Ra4 f5 44. Rb1 Bg5 45. Ra8 Nd7 46. Rxb8 Nxb8 47. Ra1
Bd8 48. Nd4 Nc5 49. Ra8 Bc7 50. Bd1 f4 51. Bc2+ Kh5 52. Nb5 f3+ 53. Kg3 1-0

[Event "XXVII Festival A"]
[Site "Arco ITA"]
[Date "2005.10.29"]
[Round "8"]
[White "Blasco, Domenico"]
[Black "Bartonicek, Zdenek sr"]
[Result "1/2-1/2"]
[WhiteElo "1994"]
[BlackElo "2097"]
[PlyCount "84"]
[EventDate "2005.10.22"]

1. d4 Nf6 2. Nf3 g6 3. Bf4 Bg7 4. Nbd2 d5 5. e3 O-O 6. Bd3 c5 7. c3 Nbd7 8. h3
Re8 9. O-O Nh5 10. Bh2 e5 11. dxe5 Nxe5 12. Nxe5 Bxe5 13. Bxe5 Rxe5 14. Nf3 Re8
15. Bb5 Bd7 16. Qa4 Bxb5 17. Qxb5 Qc7 18. Rad1 Nf6 19. Rd2 b6 20. Rfd1 Red8 21.
Qa4 Qe7 22. Qh4 Kg7 23. Nh2 Qe6 24. c4 d4 25. exd4 Qxc4 26. b3 Qb4 27. Nf3 Rd5
28. dxc5 Qxh4 29. Nxh4 Rxc5 30. Nf3 Re8 31. Re1 Rxe1+ 32. Nxe1 Rc1 33. Re2 Ra1
34. Kh2 Nd5 35. Nd3 Nc3 36. Re7 Rxa2 37. f4 Nd5 38. Rd7 Ne3 39. Ne5 Rxg2+ 40.
Kh1 Ra2 41. Rxf7+ Kg8 42. Rd7 Ng2 1/2-1/2

[Event "XXVII Festival A"]
[Site "Arco ITA"]
[Date "2005.10.29"]
[Round "8"]
[White "Bronznik, Valerij"]
[Black "Wohl, Aleksandar H."]
[Result "0-1"]
[WhiteElo "2386"]
[BlackElo "2439"]
[PlyCount "85"]
[EventDate "2005.10.22"]

1. d4 g6 2. c4 Bg7 3. e4 d6 4. Nf3 c6 5. Nc3 Na6 6. Be2 Nf6 7. h3 O-O 8. Bg5 h6
9. Be3 e5 10. d5 c5 11. g4 Nc7 12. Nd2 a6 13. h4 Rb8 14. g5 hxg5 15. hxg5 Nh7
16. Rg1 b5 17. Bg4 bxc4 18. Bxc8 Rxc8 19. Nxc4 Nb5 20. Qg4 Rb8 21. Rc1 Nd4 22.
Nb1 f5 23. gxf6 Nxf6 24. Qxg6 Nf3+ 25. Ke2 Nxg1+ 26. Rxg1 Rb7 27. Nbd2 Ne8 28.
Rh1 Rf6 29. Qh7+ Kf8 30. Nf3 Qd7 31. Rh4 Qa4 32. Nfd2 Qxa2 33. Rg4 Rxb2 34.
Nxb2 Qxb2 35. Kf1 c4 36. Rxg7 Nxg7 37. Bh6 Rxh6 38. Qxh6 Qc1+ 39. Kg2 Kg8 40.
Qg5 Kf7 41. Qe3 c3 42. Qf3+ Kg8 43. Nc4 0-1

[Event "XXVII Festival A"]
[Site "Arco ITA"]
[Date "2005.10.29"]
[Round "8"]
[White "Cazzaniga, Walter"]
[Black "Kaserer, Hans-Peter"]
[Result "1-0"]
[WhiteElo "2104"]
[BlackElo "1766"]
[PlyCount "77"]
[EventDate "2005.10.22"]

1. d4 Nf6 2. c4 e5 3. dxe5 Ne4 4. Nf3 Bb4+ 5. Nbd2 Qe7 6. Qc2 Nxd2 7. Bxd2
Bxd2+ 8. Qxd2 Nc6 9. Qc3 O-O 10. g3 Re8 11. Bg2 Nxe5 12. Nxe5 Qxe5 13. Qxe5
Rxe5 14. e3 d6 15. O-O Be6 16. b3 Rb8 17. Rfd1 b5 18. cxb5 Rbxb5 19. Rac1 Rbc5
20. f4 Rxc1 21. Rxc1 Rc5 22. Rxc5 dxc5 23. Bf1 Bd5 24. Bd3 g6 25. e4 Be6 26.
Kf2 Kf8 27. Ke3 Ke7 28. f5 Bd7 29. Kf4 f6 30. h4 h6 31. fxg6 Kf8 32. g4 Kg7 33.
g5 fxg5+ 34. hxg5 h5 35. e5 h4 36. Bf5 Bxf5 37. Kxf5 h3 38. e6 Kf8 39. g7+ 1-0

[Event "XXVII Festival A"]
[Site "Arco ITA"]
[Date "2005.10.29"]
[Round "8"]
[White "Coimbra, Margarida"]
[Black "Weinberg, Emanuele"]
[Result "1-0"]
[WhiteElo "2084"]
[BlackElo "1977"]
[PlyCount "47"]
[EventDate "2005.10.22"]

1. e4 Nf6 2. e5 Nd5 3. d4 d6 4. c4 Nb6 5. exd6 cxd6 6. Nc3 g6 7. Be3 Bg7 8. Rc1
Nc6 9. b3 O-O 10. Nf3 Bg4 11. Be2 e5 12. dxe5 dxe5 13. O-O Qxd1 14. Rfxd1 Rfd8
15. h3 Bf5 16. c5 Nd7 17. Nb5 Bf8 18. g4 Be6 19. Nc7 Rac8 20. Nxe6 fxe6 21. Bc4
Nxc5 22. Bxc5 Rxd1+ 23. Rxd1 Kg7 24. Rd7+ 1-0

[Event "XXVII Festival A"]
[Site "Arco ITA"]
[Date "2005.10.29"]
[Round "8"]
[White "Dalponte, Dino"]
[Black "Mukic, Josko"]
[Result "0-1"]
[WhiteElo "2101"]
[BlackElo "2328"]
[PlyCount "72"]
[EventDate "2005.10.22"]

1. d4 g6 2. Nf3 Bg7 3. Nbd2 Nf6 4. c3 O-O 5. e3 d6 6. Bd3 Nbd7 7. O-O e5 8. e4
Nh5 9. dxe5 dxe5 10. Nb3 Nf4 11. Bxf4 exf4 12. Bc2 c5 13. Qd5 Qe7 14. Rad1 Rb8
15. Rfe1 b6 16. Qd6 Qxd6 17. Rxd6 Ne5 18. Nxe5 Bxe5 19. Rd5 Bg7 20. f3 Be6 21.
Rd2 a5 22. Nc1 Rfc8 23. Bb3 c4 24. Bd1 Bf8 25. Ne2 Bc5+ 26. Kf1 Be3 27. Rd6 Rd8
28. Rxd8+ Rxd8 29. Ba4 Rd2 30. Rb1 g5 31. Ke1 g4 32. Bb5 gxf3 33. gxf3 Kg7 34.
b3 Rxa2 35. bxc4 a4 36. Nc1 Rxh2 0-1

[Event "XXVII Festival A"]
[Site "Arco ITA"]
[Date "2005.10.29"]
[Round "8"]
[White "Danielsen, Magnus"]
[Black "Agostini, Guillermo"]
[Result "1/2-1/2"]
[WhiteElo "1961"]
[BlackElo "2050"]
[PlyCount "36"]
[EventDate "2005.10.22"]

1. d4 Nf6 2. g3 d6 3. Bg2 g6 4. c4 Bg7 5. Nc3 O-O 6. Nf3 Nbd7 7. O-O c5 8. b3
a6 9. Bb2 Rb8 10. dxc5 Nxc5 11. Nd4 Bd7 12. Rc1 Ne6 13. Nxe6 fxe6 14. Qd2 Bc6
15. Qe3 Bd7 16. Bh3 e5 17. Bxd7 Qxd7 18. Ne4 Rbc8 1/2-1/2

[Event "XXVII Festival A"]
[Site "Arco ITA"]
[Date "2005.10.29"]
[Round "8"]
[White "De Andres Gonalons, Fernando"]
[Black "De Santis, Alessio"]
[Result "1/2-1/2"]
[WhiteElo "2071"]
[BlackElo "2331"]
[PlyCount "99"]
[EventDate "2005.10.22"]

1. d4 d6 2. c4 e5 3. Nf3 e4 4. Ng5 f5 5. Nc3 c6 6. Nh3 Be7 7. e3 Na6 8. Nf4 Nf6
9. h4 Nc7 10. Qb3 Rb8 11. Bd2 Bd7 12. Rc1 O-O 13. g3 Be8 14. Qc2 Bf7 15. b4 Rc8
16. Rb1 b5 17. c5 dxc5 18. bxc5 Ncd5 19. Ncxd5 Nxd5 20. Nxd5 Bxd5 21. Be2 Qd7
22. Bc3 Qe6 23. a4 a6 24. Ba5 Bf6 25. Bb6 Rf7 26. axb5 axb5 27. Ra1 g6 28. Qc3
h6 29. Kd2 Re8 30. Ra6 Rd7 31. Kc2 Qf7 32. Kb2 Rc8 33. Rha1 f4 34. Ra7 fxe3 35.
fxe3 Rxa7 36. Rxa7 Qe6 37. Qe1 Rf8 38. Bc7 Rf7 39. Ra8+ Kg7 40. Bd6 Kh7 41. Qg1
Bc4 42. Bd1 Bg7 43. Bf4 Qe7 44. Bd6 Qb7 45. Ra1 Rf1 46. Qg2 Qf7 47. Qxe4 Bd5
48. Qd3 Bc4 49. Qe4 Bd5 50. Qd3 1/2-1/2

[Event "XXVII Festival A"]
[Site "Arco ITA"]
[Date "2005.10.29"]
[Round "8"]
[White "Dittmar, Peter"]
[Black "Zagrebelny, Sergey"]
[Result "0-1"]
[WhiteElo "2322"]
[BlackElo "2513"]
[PlyCount "72"]
[EventDate "2005.10.22"]

1. Nf3 Nf6 2. c4 b6 3. g3 Bb7 4. Bg2 e6 5. O-O Be7 6. Nc3 O-O 7. d4 Na6 8. b3
d5 9. Ne5 Qc8 10. Bb2 Rd8 11. Rc1 dxc4 12. Nc6 Bxc6 13. Bxc6 Rb8 14. bxc4 Nb4
15. Bf3 Qd7 16. a3 Nc6 17. e3 Na5 18. Qe2 Ne8 19. Ne4 Qa4 20. c5 Nb3 21. Rc4
Qa6 22. cxb6 Rxb6 23. Qc2 f5 24. Nc5 Nxc5 25. Rxc5 Bxc5 26. dxc5 Rbb8 27. Bd4
Qxa3 28. Ra1 Qb3 29. Qe2 Nf6 30. Rxa7 Nd5 31. Qa6 Nb4 32. Qe2 Nd3 33. Rxc7 e5
34. Bc3 Qxc3 35. Qa2+ Kh8 36. Be2 Qc1+ 0-1

[Event "XXVII Festival A"]
[Site "Arco ITA"]
[Date "2005.10.29"]
[Round "8"]
[White "Fittante, Giuliana"]
[Black "Ludovici, Roberto"]
[Result "1/2-1/2"]
[WhiteElo "1885"]
[BlackElo "1726"]
[PlyCount "53"]
[EventDate "2005.10.22"]

1. d4 Nf6 2. Nf3 d5 3. g3 g6 4. Bg2 Bg7 5. O-O O-O 6. c4 dxc4 7. Nc3 Nbd7 8. a4
a5 9. e4 Nb6 10. Qe2 Bg4 11. Rd1 Qc8 12. Qf1 Rd8 13. Be3 Bxf3 14. Bxf3 Ng4 15.
Qe2 Nxe3 16. Qxe3 Qh3 17. e5 c6 18. d5 Nxd5 19. Nxd5 cxd5 20. Bxd5 Qc8 21. Qf3
Qf5 22. Qxf5 gxf5 23. f4 e6 24. Bxc4 Bf8 25. Be2 Bc5+ 26. Kg2 Kf8 27. Rac1
1/2-1/2

[Event "XXVII Festival A"]
[Site "Arco ITA"]
[Date "2005.10.29"]
[Round "8"]
[White "Fuggetta, Leonardo"]
[Black "Most, Zdenek"]
[Result "1/2-1/2"]
[WhiteElo "2068"]
[BlackElo "2161"]
[PlyCount "99"]
[EventDate "2005.10.22"]

1. c4 c5 2. Nf3 Nc6 3. g3 g6 4. Bg2 Bg7 5. Nc3 Nf6 6. O-O O-O 7. d4 cxd4 8.
Nxd4 Nxd4 9. Qxd4 d6 10. Qd3 a6 11. Re1 Rb8 12. a4 Be6 13. e4 Qa5 14. Bd2 Qc5
15. b3 Ng4 16. Qe2 Bd4 17. Rf1 h5 18. h3 Ne5 19. Kh2 h4 20. g4 g5 21. Rac1 Ng6
22. Nd1 Be5+ 23. Kh1 Nf4 24. Bxf4 Bxf4 25. Rc3 Qa5 26. Qd3 b5 27. axb5 axb5 28.
Ne3 Rfc8 29. Nd5 Bxd5 30. exd5 bxc4 31. bxc4 Rc7 32. Bf3 Rb2 33. Kg2 Qa2 34.
Bd1 Rd2 35. Rc2 Rxd3 36. Rxa2 Rb7 37. Be2 Rc3 38. Bd1 Rbb3 39. Rh1 Kg7 40. Be2
e5 41. Bd1 Rb1 42. Rc2 Ra3 43. Rf1 e4 44. c5 dxc5 45. Rxc5 Bd6 46. Rc4 Raa1 47.
Ra4 Rxa4 48. Bxa4 Rb7 49. Re1 Be5 50. Kf1 1/2-1/2

[Event "XXVII Festival A"]
[Site "Arco ITA"]
[Date "2005.10.29"]
[Round "8"]
[White "Giuriato, Sergio"]
[Black "Scharrer, Patrick"]
[Result "0-1"]
[WhiteElo "1992"]
[BlackElo "2210"]
[PlyCount "120"]
[EventDate "2005.10.22"]

1. d4 Nf6 2. c4 g6 3. Nc3 Bg7 4. Nf3 d6 5. g3 O-O 6. Bg2 Nc6 7. O-O a6 8. d5
Na5 9. Nd2 c5 10. Qc2 Rb8 11. b3 b5 12. Bb2 bxc4 13. bxc4 Nd7 14. Nd1 Ne5 15.
Bc3 Bh6 16. Nb2 Bd7 17. f4 Ng4 18. Qd3 f5 19. Rae1 Bg7 20. Bxg7 Kxg7 21. Qc3+
Nf6 22. Nd3 Nb7 23. Nf2 Qa5 24. Qd3 Nd8 25. e4 Rb2 26. Re2 fxe4 27. Ndxe4 Qxa2
28. Rfe1 Rxe2 29. Rxe2 Qa1+ 30. Bf1 Re8 31. Ng5 a5 32. h3 a4 33. g4 h6 34. Nf3
Nf7 35. Nh4 Nh8 36. f5 g5 37. Nf3 Nf7 38. Qe3 a3 39. h4 a2 40. hxg5 hxg5 41.
Qa3 Qb1 42. Rxa2 Rb8 43. Ra1 Qc2 44. Rc1 Qb3 45. Qxb3 Rxb3 46. Kg2 Nh6 47. Re1
Kf8 48. Nxg5 Nfxg4 49. Nh7+ Kf7 50. Ng5+ Ke8 51. Ne6 Ne3+ 52. Kg1 Nxf1 53. Kxf1
Nxf5 54. Ra1 Bxe6 55. dxe6 Kf8 56. Re1 Ne3+ 57. Kg1 Nxc4 58. Re4 Ne5 59. Rf4+
Kg7 60. Kg2 Rb4 0-1

[Event "XXVII Festival A"]
[Site "Arco ITA"]
[Date "2005.10.29"]
[Round "8"]
[White "Greevenbosch, Cornelis"]
[Black "Antoniacci, Riccardo"]
[Result "0-1"]
[WhiteElo "2078"]
[BlackElo "1972"]
[PlyCount "128"]
[EventDate "2005.10.22"]

1. e4 Nc6 2. d4 d5 3. Nc3 dxe4 4. d5 Ne5 5. Qd4 Ng6 6. Qxe4 Nf6 7. Qd4 e5 8.
Qa4+ Bd7 9. Bb5 Bc5 10. Bg5 a6 11. Bxd7+ Qxd7 12. Qxd7+ Kxd7 13. Bxf6 gxf6 14.
Ne4 Be7 15. O-O-O Rad8 16. Ne2 Rhg8 17. g4 Kc8 18. N2g3 Nf4 19. Nf5 Bf8 20. f3
Rg6 21. d6 Kb8 22. dxc7+ Kxc7 23. Rxd8 Kxd8 24. Rd1+ Kc7 25. Nfg3 Rh6 26. Rd2
Nh3 27. Nf5 Rg6 28. Rd5 Ng5 29. Nxg5 Rxg5 30. h4 Rg8 31. Ng3 Bh6+ 32. Kd1 Bf8
33. Ke2 Be7 34. Ke3 Kc6 35. Nf5 Bc5+ 36. Ke4 b5 37. h5 a5 38. Rd3 b4 39. Ng3
Bf2 40. Nf5 Bc5 41. Ng3 Bd4 42. c3 bxc3 43. bxc3 Bf2 44. Nf5 Bc5 45. Ng3 Rb8
46. Kf5 Rb2 47. Kxf6 Rxa2 48. Kg7 a4 49. Ne4 Rg2 50. Rd8 f5 51. Rc8+ Kb7 52.
Rxc5 fxe4 53. fxe4 Rxg4+ 54. Kxh7 Kb6 55. Rc4 Kb5 56. Rb4+ Ka5 57. h6 a3 58.
Rb8 Ka4 59. c4 a2 60. c5 Rg1 61. c6 a1=Q 62. Ra8+ Kb5 63. Rxa1 Rxa1 64. Kg7
Kxc6 0-1

[Event "XXVII Festival A"]
[Site "Arco ITA"]
[Date "2005.10.29"]
[Round "8"]
[White "Ivanov, Mikhail M."]
[Black "Fossum, Oystein Boyum"]
[Result "1-0"]
[WhiteElo "2457"]
[BlackElo "2247"]
[PlyCount "111"]
[EventDate "2005.10.22"]

1. Nf3 e6 2. g3 d5 3. Bg2 Nf6 4. O-O Be7 5. d4 O-O 6. c4 c6 7. b3 b6 8. Nc3 Bb7
9. Nd2 Nbd7 10. e4 dxe4 11. Ndxe4 Nxe4 12. Nxe4 Nf6 13. Be3 Qc7 14. c5 Nd5 15.
Bg5 f6 16. Bd2 bxc5 17. Nxc5 Bxc5 18. dxc5 e5 19. f4 Ba6 20. Rf2 exf4 21. Bxf4
Nxf4 22. Rxf4 Rad8 23. Rd4 Qe7 24. Rd6 Qe3+ 25. Kh1 Be2 26. Qg1 Qxg1+ 27. Kxg1
Rxd6 28. cxd6 Rd8 29. Re1 Bh5 30. Re6 Bf7 31. Re7 Rxd6 32. Rxa7 Bd5 33. Bf1 Kf8
34. Kf2 Bf7 35. Ke3 Rd1 36. Be2 Ra1 37. b4 Bd5 38. a4 Rh1 39. a5 Rxh2 40. a6
Rg2 41. g4 Rg3+ 42. Kd4 Rg2 43. Bd3 Rxg4+ 44. Kc5 Rg3 45. Bxh7 Rc3+ 46. Kd6 g5
47. Rb7 Ra3 48. a7 Bf3 49. Kc5 Rc3+ 50. Kd4 c5+ 51. Kxc3 Bxb7 52. Kd3 c4+ 53.
Ke3 c3 54. Be4 c2 55. Bxc2 Ke7 56. Be4 1-0

[Event "XXVII Festival A"]
[Site "Arco ITA"]
[Date "2005.10.29"]
[Round "8"]
[White "Knors, Rudi"]
[Black "Sautto, Alessandra"]
[Result "1-0"]
[WhiteElo "2075"]
[BlackElo "1939"]
[PlyCount "142"]
[EventDate "2005.10.22"]

1. e4 d5 2. exd5 Qxd5 3. Nc3 Qe5+ 4. Be2 c6 5. Nf3 Qc7 6. d4 Bf5 7. Nh4 Bg6 8.
Nxg6 hxg6 9. g3 e6 10. Bf4 Bd6 11. Bxd6 Qxd6 12. Qd2 Nf6 13. O-O-O Nbd7 14. Qg5
O-O-O 15. Qa5 Kb8 16. h4 Qc7 17. Qg5 Nb6 18. Bf3 Nh7 19. Qc5 Nf6 20. Ne2 Qd6
21. Qxd6+ Rxd6 22. Nf4 Rdd8 23. c3 Kc7 24. Nd3 Nbd7 25. Kc2 Rde8 26. Rde1 Re7
27. Re2 Rhe8 28. Rhe1 Kd8 29. c4 Nb6 30. b3 Kc7 31. Ne5 Nbd7 32. Nd3 Nb6 33. a4
Rd8 34. a5 Nc8 35. Kc3 Red7 36. Ne5 Rxd4 37. Bg2 R4d7 38. Nxd7 Rxd7 39. Rd2
Rxd2 40. Kxd2 a6 41. Kc3 Nd6 42. Bf3 Nf5 43. Rh1 Nd6 44. b4 Nf5 45. g4 Ne7 46.
h5 gxh5 47. gxh5 Nf5 48. Rg1 Ne8 49. Be4 Nh6 50. Bd3 e5 51. b5 cxb5 52. cxb5
axb5 53. Bxb5 Nd6 54. Kb4 Nhf5 55. Bf1 g6 56. hxg6 fxg6 57. Rxg6 e4 58. Bg2 e3
59. fxe3 Nxe3 60. Rg7+ Kb8 61. Bh1 Nef5 62. Rh7 Ka7 63. Bf3 Ka6 64. Be2+ Ka7
65. Rd7 Kb8 66. Bd3 Kc8 67. Bxf5 Nxf5 68. Rh7 Ng3 69. Re7 Nf5 70. Rh7 Kb8 71.
Rh8+ Ka7 1-0

[Event "XXVII Festival A"]
[Site "Arco ITA"]
[Date "2005.10.29"]
[Round "8"]
[White "Kranebitter, Gerhard"]
[Black "Bozzao, Francesco"]
[Result "1-0"]
[WhiteElo "2070"]
[BlackElo "1941"]
[PlyCount "51"]
[EventDate "2005.10.22"]

1. e4 c5 2. Nf3 d6 3. c3 Nf6 4. Be2 Nc6 5. d4 cxd4 6. cxd4 Nxe4 7. d5 Qa5+ 8.
Nc3 Nxc3 9. bxc3 Ne5 10. Nxe5 dxe5 11. O-O g6 12. Be3 Bg7 13. d6 exd6 14. Qxd6
Qd8 15. Qa3 Bf8 16. Qb3 Qc7 17. Rfd1 Bg7 18. Qb4 f6 19. Bc4 Bf5 20. Bd5 Bd7 21.
Bxb7 Rb8 22. Rab1 Bf8 23. Qb3 Bc5 24. Bxc5 Qxc5 25. Rxd7 Kxd7 26. Qf7+ 1-0

[Event "XXVII Festival A"]
[Site "Arco ITA"]
[Date "2005.10.29"]
[Round "8"]
[White "Kvisla, Johannes Luangtep"]
[Black "Del Nevo, Claudio"]
[Result "1-0"]
[WhiteElo "2123"]
[BlackElo "1925"]
[PlyCount "87"]
[EventDate "2005.10.22"]

1. e4 d6 2. Nc3 Nf6 3. f4 g6 4. Nf3 Bg7 5. Bc4 c6 6. Bb3 O-O 7. d3 b5 8. O-O
Bb7 9. Qe1 b4 10. Ne2 a5 11. a4 Nbd7 12. f5 d5 13. Qh4 Nh5 14. g4 Bf6 15. Qh3
Ng7 16. g5 Be5 17. d4 Ba6 18. Rf2 Bxe2 19. Rxe2 Bc7 20. fxg6 hxg6 21. e5 e6 22.
Rg2 Nh5 23. Rg4 Kg7 24. Nh4 Rh8 25. Qd3 c5 26. c4 bxc3 27. Bc2 cxb2 28. Bxb2 c4
29. Qf3 Bb6 30. Kh1 Rb8 31. Rf1 Qe8 32. Ng2 Bd8 33. Bc3 Ra8 34. Nf4 Nxf4 35.
Rxf4 Rf8 36. Rf6 Be7 37. Qh3 Rh8 38. Rxf7+ Qxf7 39. Rxf7+ Kxf7 40. Bxg6+ Kxg6
41. Qxe6+ Kxg5 42. Bd2+ Kh5 43. Qf5+ Kh4 44. Be1# 1-0

[Event "XXVII Festival A"]
[Site "Arco ITA"]
[Date "2005.10.29"]
[Round "8"]
[White "La Malfa, Stelio"]
[Black "Bartonicek, Zdenek jr"]
[Result "0-1"]
[WhiteElo "1635"]
[BlackElo "1887"]
[PlyCount "110"]
[EventDate "2005.10.22"]

1. e4 c5 2. Nf3 Nc6 3. d4 cxd4 4. c3 d3 5. Bxd3 g6 6. O-O Bg7 7. c4 d6 8. h3
Nf6 9. Nc3 O-O 10. Qe2 Nd7 11. Bf4 Nde5 12. Nxe5 Nxe5 13. Bc2 b6 14. Rfd1 Ba6
15. Bb3 Rc8 16. Rac1 e6 17. Bh2 Bxc4 18. Bxc4 Nxc4 19. b3 Ne5 20. Nb5 Rxc1 21.
Rxc1 Qb8 22. Qc2 a6 23. Nd4 h5 24. Bxe5 dxe5 25. Nc6 Qc7 26. Qd2 Kh7 27. Rc2
Qb7 28. Nd8 Qxe4 29. Rc4 Qd5 30. Qxd5 exd5 31. Rc8 Bf6 32. Rc1 Rxd8 33. Rd1 d4
34. f3 Rc8 35. Rd2 Bg5 36. Re2 Be3+ 37. Kh2 f5 38. h4 f4 39. g4 d3 40. Re1 d2
41. Rd1 Rc1 42. Rxd2 Bxd2 43. a4 Rb1 44. a5 Rxb3 45. Kg2 Bxa5 46. gxh5 gxh5 47.
Kh3 Rxf3+ 48. Kg2 Rg3+ 49. Kf2 Rg4 50. Kf3 Rxh4 51. Ke4 Bc3 52. Kd3 Bd4 53. Kc2
f3 54. Kd2 f2 55. Ke2 Rh1 0-1

[Event "XXVII Festival A"]
[Site "Arco ITA"]
[Date "2005.10.29"]
[Round "8"]
[White "La Manna, Francesco"]
[Black "Ziltener, Werner"]
[Result "1-0"]
[WhiteElo "1886"]
[BlackElo "2101"]
[PlyCount "93"]
[EventDate "2005.10.22"]

1. d4 d5 2. c4 c6 3. Nc3 e6 4. f3 f5 5. Bf4 Nf6 6. e3 Bd6 7. Nh3 O-O 8. Bd3 Qe7
9. Bxd6 Qxd6 10. c5 Qe7 11. f4 Ng4 12. Qe2 b6 13. Na4 Qh4+ 14. Nf2 Nxf2 15.
Qxf2 Qxf2+ 16. Kxf2 b5 17. Nc3 b4 18. Ne2 Ba6 19. Nc1 Bxd3 20. Nxd3 a5 21. Ne5
Rc8 22. Rag1 Ra7 23. g4 Nd7 24. gxf5 Nxe5 25. fxe5 exf5 26. Kf3 Kf7 27. Rg5 Ke6
28. Kf4 g6 29. h4 Rg8 30. Rhg1 Rag7 31. h5 Ke7 32. hxg6 hxg6 33. Rh1 a4 34. Rh6
Kf7 35. Rg2 Ke7 36. Kg5 Rf8 37. Rf2 Rfg8 38. Rf4 Kf7 39. Rfh4 Ke7 40. Rh7 Kf7
41. Rxg7+ Kxg7 42. Rh6 Kf7 43. e6+ Ke7 44. Rxg6 Rh8 45. Rh6 Rg8+ 46. Kxf5 Rf8+
47. Ke5 1-0

[Event "XXVII Festival A"]
[Site "Arco ITA"]
[Date "2005.10.29"]
[Round "8"]
[White "Larsen Hagen, Brede Andre"]
[Black "Perryman, Marcus"]
[Result "1-0"]
[WhiteElo "1951"]
[BlackElo "2045"]
[PlyCount "37"]
[EventDate "2005.10.22"]

1. e4 Nf6 2. e5 Nd5 3. d4 d6 4. Nf3 g6 5. Bc4 dxe5 6. Nxe5 Be6 7. Nd2 Bg7 8.
Ndf3 f6 9. Nd3 Qc8 10. O-O Nc6 11. Re1 Bf7 12. Qe2 O-O 13. Bf4 Qf5 14. Bg3 Rfe8
15. Nc5 Qc8 16. Ne6 Bxe6 17. Qxe6+ Qxe6 18. Rxe6 Nb6 19. Rxc6+ 1-0

[Event "XXVII Festival A"]
[Site "Arco ITA"]
[Date "2005.10.29"]
[Round "8"]
[White "Marchand, Francois"]
[Black "Moratto, Davide"]
[Result "1-0"]
[WhiteElo "2269"]
[BlackElo "1729"]
[PlyCount "75"]
[EventDate "2005.10.22"]

1. d4 Nf6 2. c4 g6 3. Nc3 Bg7 4. e4 d6 5. Nf3 O-O 6. Be2 Nc6 7. O-O e5 8. d5
Ne7 9. Ne1 Nd7 10. Be3 f5 11. f3 f4 12. Bf2 g5 13. Rc1 Rf6 14. Nd3 Rh6 15. b4
Qe8 16. Kh1 Qh5 17. Bg1 Nf6 18. c5 a6 19. cxd6 cxd6 20. Na4 b5 21. Nb6 Rb8 22.
Nxc8 Rxc8 23. Rxc8+ Nxc8 24. Nf2 Qh4 25. Ng4 Rg6 26. Qc2 Ne7 27. Nxf6+ Rxf6 28.
Qc7 Bf8 29. Qb7 Kh8 30. Qxa6 Ng8 31. Qxb5 Nh6 32. h3 Rg6 33. Bf2 Qh5 34. a4 g4
35. fxg4 Nxg4 36. Kg1 Qg5 37. Bxg4 h5 38. Bf3 1-0

[Event "XXVII Festival A"]
[Site "Arco ITA"]
[Date "2005.10.29"]
[Round "8"]
[White "Mazet, Julien"]
[Black "Lymar, Irina"]
[Result "1/2-1/2"]
[WhiteElo "2250"]
[BlackElo "2309"]
[PlyCount "85"]
[EventDate "2005.10.22"]

1. d4 Nf6 2. Nf3 d6 3. c4 Nbd7 4. Nc3 g6 5. Bg5 h6 6. Bh4 Bg7 7. e3 c5 8. d5 g5
9. Bg3 Nh5 10. Qc2 Qa5 11. Be2 Nxg3 12. hxg3 Nb6 13. Nd2 Bd7 14. g4 Be5 15. f3
e6 16. Kf2 O-O-O 17. a3 Kb8 18. b4 cxb4 19. Nb3 Ba4 20. axb4 Qxb4 21. Nxa4 Bxa1
22. Rxa1 Nxa4 23. Nd4 Nc5 24. Nc6+ bxc6 25. Rb1 a5 26. Rxb4+ axb4 27. Qa2 b3
28. Qa5 Kb7 29. Qb4+ Kc8 30. Qb6 Rd7 31. Qxc6+ Kb8 32. Qb6+ Ka8 33. dxe6 fxe6
34. f4 Ne4+ 35. Kf3 Nd2+ 36. Kg3 Ne4+ 37. Kh2 Rb7 38. Qa6+ Kb8 39. Bf3 d5 40.
Qxe6 b2 41. Qe5+ Ka7 42. Qxd5 b1=Q 43. Qa5+ 1/2-1/2